| 000 | 01632cam a22004694i 4500 | ||
|---|---|---|---|
| 003 | PE-LiUPU | ||
| 005 | 20250731173257.0 | ||
| 008 | 150625s1996 flua r 000 0 spa d | ||
| 020 | _a0 8297 1842 7 | ||
| 035 | _a(Sirsi) i9780829718423 | ||
| 040 |
_aPE-LiUPU _bspa _cPE-LiUPU _erda |
||
| 049 | _aPRUA | ||
| 082 | 0 | 4 |
_a268 _bJ45 _221 |
| 100 | 1 |
_aJeter de Walker, Luisa, _eautor. |
|
| 245 | 1 | 0 |
_aMétodos de enseñanza / _cLuisa Jeter de Walker. |
| 264 | 1 |
_aMiami, FL. : _bEditorial Vida, _c1996. |
|
| 300 |
_a122 páginas : _bilustraciones ; _c21 centímetros |
||
| 336 |
_atext _2rdacontent |
||
| 337 |
_aunmediated _2rdamedia |
||
| 338 |
_avolume _2rdacarrier |
||
| 505 | 0 | _aEl maestro y el alumno -- El alumno ve -- El alumno oye -- El alumno habla -- El alumno hace. | |
| 526 | _aSEG42 | ||
| 526 | _aSEG41 | ||
| 526 | _aSEG40 | ||
| 526 | _aSEG39 | ||
| 526 | _aP94 | ||
| 526 | _aP87 | ||
| 526 | _aP86 | ||
| 526 | _aP85 | ||
| 526 | _aP77 | ||
| 526 | _aP76 | ||
| 526 | _aP35 | ||
| 650 | 0 | 4 |
_aEducación cristiana _xMetodología. |
| 650 | 0 | 4 | _aEscuelas dominicales (Iglesia Evangélica). |
| 910 |
_bnm _caj _d20040303 |
||
| 942 |
_2ddc _cBOOK |
||
| 949 |
_a268 J45 _wDEWEY _c1 _i53737 _d2016-6-5 _e2016-6-1 _lCCODEBUL1 _mBUL _n1 _p12.00 _r0 _sY _tBOOK _u2015-6-25 _xTEOLOGIA _zUNKNOWN _0COMPRA _o.STAFF. Colección General |
||
| 994 |
_aC0 _bPEPRU |
||
| 596 | _a1 | ||
| 999 |
_a268 J45 _wDEWEY _c43865 _i53737 _d43865 _e2016-6-1 _f2021-11-10 _g5 _lCCODEBUL1 _mBUL _n1 _p12.00 _r0 _sY _tBOOK _u2015-6-25 _xTEOLOGIA _PP35 _0COMPRA _o.STAFF. Colección Teología |
||
| 980 |
_81 _gALBERTO SANCHEZ Responsable de Automatización |
||